000 00741nam a22002057a 4500
999 _c20630
_d20630
005 20200221093618.0
008 191209b xxu||||| |||| 00| 0 spa d
040 _aCO-BoIAVH
_cCO-BoIAVH
041 _aspa
044 _ack
110 _aCorporación Suna Hisca
245 _aLos cerros orientales de Bogotá:
_bRestauración en los predios de la empresa de acueducto de Bogotá reserva forestal protectora bosque oriental microcuenca río san francisco.
260 _a:
_b,
_c.
300 _a4 folletos plegable:
_bfotografías,
_c19 x 24 cm.
650 0 _aReserva forestal
650 0 _aCerros orientales
650 0 _aMicrocuenca
_vrío
_zSan francisco
650 0 _aPredios
942 _2ddc
_cFolleto